[Event "BLR-ch U18"]
[Site "Orsha"]
[Date "2022.02.10"]
[Round "1"]
[White "Naumovich, Yaroslav"]
[Black "Chystsiakou, Mikita"]
[Result "1-0"]
[WhiteElo "2057"]
[BlackElo "1495"]
[PlyCount "141"]
[EventDate "2022.02.10"]
[EventType "swiss"]
[EventRounds "9"]
[EventCountry "BLR"]
[SourceTitle "CBM 207 Extra"]
[Source "ChessBase"]
[SourceDate "2022.05.31"]
[SourceVersion "1"]
[SourceVersionDate "2022.05.31"]
[SourceQuality "1"]

1. d4 Nf6 2. Nf3 g6 3. g3 Bg7 4. Bg2 0-0 5. 0-0 d6 6. c4 Nc6 7. d5 Nb8 8. Nc3 a5 9. Be3 Na6 10. Re1 e5 11. dxe6 Bxe6 12. Nd4 c6 13. Nxe6 fxe6 14. Bh3 Qe7 15. Bb6 Nb8 16. e4 Nbd7 17. Be3 c5 18. Qe2 Ne5 19. Rad1 Rad8 20. f4 Nc6 21. Bf2 Nd7 22. Nb5 Nb6 23. Qg4 Rfe8 24. b3 Nc8 25. Bg2 N8a7 26. Nxa7 Nxa7 27. f5 Qf7 28. fxg6 Qxg6 29. Qxg6 hxg6 30. e5 Bxe5 31. Bxb7 Bc3 32. Re3 Bd4 33. Rf3 e5 34. Bd5+ Kh8 35. Rf1 e4 36. Re3 Bxe3 37. Bxe3 Rf8 38. Rxf8+ Rxf8 39. Kg2 Kg7 40. Bxe4 Nc8 41. Bd2 Ne7 42. Bxa5 Kf6 43. Bc3+ Ke6 44. h4 Nf5 45. Kh3 Rb8 46. g4 Ne7 47. Kg3 Rf8 48. Bf3 Rf7 49. Bd2 Ke5 50. Be3 Kf6 51. a4 Nc8 52. a5 Ra7 53. a6 Rxa6 54. Bb7 Rb6 55. Bxc8 Rxb3 56. Kf4 Ra3 57. Bb7 Ra7 58. Bd5 Re7 59. Bd2 Kg7 60. Bc3+ Kh6 61. Bf6 Re1 62. Bd8 Rf1+ 63. Kg3 Rg1+ 64. Kh3 Ra1 65. Be7 Ra3+ 66. Kg2 Ra6 67. Kf3 Rb6 68. Bf8+ Kh7 69. Kf4 Ra6 70. Kg5 Rb6 71. Bf7 1-0